[Event "Mind Sports Games - Blitz Pair"]
[Site "Pechino CINA"]
[Date "2008.10.08"]
[Round "7"]
[White "Rasmussen, Kar"]
[Black "Kakageldyev, A."]
[Result "0-1"]
[WhiteElo "2466"]
[BlackElo "2449"]
[PlyCount "58"]
[EventDate "2008.10.08"]
[Source "www.chesslib.no"]
[SourceDate "2004.05.04"]

1. c4 g6 2. Nc3 Bg7 3. d4 d6 4. g3 Nf6 5. Bg2 O-O 6. e4 c5 7. d5 Na6 8. Nge2 Nc7 9. O-O a6 10. a4 Rb8 11. Qd3 Bd7 12. a5 b5 13. axb6 Rxb6 14. h3 Qc8 15. Kh2 Qb7 16. f4 Rb8 17. e5 Bf5 18. Qe3 Nfe8 19. e6 h5 20. exf7+ Kxf7 21. Ne4 Rb3 22. N2c3 Bd4 23. Qe2 Nf6 24. Nxf6 exf6 25. Ne4 Qb6 26. g4 hxg4 27. hxg4 Rh8+ 28. Bh3 Rbxh3+ 29. Kg2 Rh2+ 0-1

[Event "Copenhagen op 14th"]
[Site "Copenhagen"]
[Date "1992.06.??"]
[Round "?"]
[White "Steingrimsson, Hedinn"]
[Black "Jansa, Vlastimil"]
[Result "0-1"]
[WhiteElo "2455"]
[BlackElo "2460"]
[PlyCount "92"]
[EventDate "1992.??.??"]
[Source "www.chesslib.no"]
[SourceDate "2004.05.04"]

1. d4 Nf6 2. c4 c5 3. d5 e5 4. Nc3 d6 5. g3 g6 6. Bg2 Bg7 7. e4 O-O 8. Nge2 Nbd7 9. Rb1 a6 10. a3 Ne8 11. O-O Rb8 12. b4 Qc7 13. b5 Nb6 14. Qb3 a5 15. Bb2 Qe7 16. f4 exf4 17. gxf4 f5 18. Ng3 Qh4 19. exf5 Bd4+ 20. Kh1 Bxf5 21. Nxf5 Rxf5 22. Ne4 Bxb2 23. Qxb2 Nxc4 24. Qc3 Rh5 25. h3 Nb6 26. Qxa5 Nxd5 27. Qd2 Rf5 28. Nxd6 Nxd6 29. Bxd5+ Kg7 30. Bg2 Qf6 31. a4 Rd8 32. Rbd1 Nf7 33. Qe3 Rxd1 34. Rxd1 b6 35. Rb1 Nd6 36. Qc1 Rxf4 37. a5 Ne4 38. a6 Nf2+ 39. Kh2 Qe5 40. Qb2 Rd4+ 41. Kg1 Nd1 42. Qa3 Rd2 43. a7 Qe1+ 44. Kh2 Qe4 45. Qg3 Ne3 46. Rg1 Rxg2+ 0-1

[Event "Neu Isenburg Open"]
[Site "Neu Isenburg"]
[Date "1992.04.25"]
[Round "6"]
[White "King, Daniel J"]
[Black "Urban, Julian"]
[Result "1/2-1/2"]
[WhiteElo "2505"]
[BlackElo "2405"]
[PlyCount "37"]
[EventDate "1992.04.24"]
[Source "www.chesslib.no"]
[SourceDate "2004.05.04"]

1. g3 g6 2. Bg2 Bg7 3. e4 d6 4. d4 Nf6 5. Ne2 O-O 6. O-O e5 7. c4 Nbd7 8. Nbc3 c6 9. h3 Re8 10. d5 c5 11. Be3 Nh5 12. Nc1 Nb6 13. b3 Bd7 14. Rb1 a5 15. Nd3 Qe7 16. Nb5 Bxb5 17. cxb5 Qf8 18. Nb2 Bh6 19. Qd2 1/2-1/2

[Event "Open"]
[Site "Geneve"]
[Date "2004.01.28"]
[Round "5"]
[White "Kovacevic, Vlatko"]
[Black "Gerber, Richard"]
[Result "1-0"]
[WhiteElo "2503"]
[BlackElo "2406"]
[PlyCount "81"]
[EventDate "2004.??.??"]
[Source "Roberto Alvarez"]
[SourceDate "2004.02.23"]

1. d4 Nf6 2. c4 g6 3. g3 Bg7 4. Bg2 O-O 5. e4 d6 6. Ne2 e5 7. Nbc3 Nbd7 8. d5 a5 9. b3 Nc5 10. Rb1 Nh5 11. Be3 f5 12. Qd2 f4 13. Bxc5 dxc5 14. f3 Bf6 15. O-O Bg5 16. Qd3 fxg3 17. hxg3 Bh6 18. Rbd1 Qg5 19. d6 cxd6 20. Qd5+ Kg7 21. f4 exf4 22. Qxd6 f3 23. Rxf3 Bg4 24. Rd5 Bxf3 25. Rxg5 Bxg5 26. Qxc5 Kh6 27. Bxf3 Rxf3 28. Kg2 Be3 29. Qd6 Rf2+ 30. Kh3 Raf8 31. Nd5 R8f3 32. Kg4 Bg5 33. e5 Rd3 34. Qc5 Rxe2 35. Qf8+ Ng7 36. Nf6 Rd4+ 37. Kh3 Rxe5 38. Ng8+ Kh5 39. Qxg7 Bf4 40. g4+ Kg5 41. Qf6# 1-0

[Event "Groningen op"]
[Site "Groningen"]
[Date "1990.??.??"]
[Round "2"]
[White "Moskalenko, Viktor"]
[Black "Carlier, Bruno"]
[Result "0-1"]
[WhiteElo "2515"]
[BlackElo "2390"]
[PlyCount "80"]
[EventDate "1990.12.??"]
[Source "ChessBase"]

1. d4 Nf6 2. c4 c5 3. d5 e5 4. Nc3 d6 5. g3 g6 6. Bg2 Bg7 7. e4 O-O 8. Nge2 Nh5 9. O-O Nd7 10. Qc2 f5 11. exf5 gxf5 12. f4 e4 13. g4 fxg4 14. Nxe4 Nb6 15. Ng5 Bf5 16. Be4 Qd7 17. Ne6 Bxe6 18. dxe6 Qxe6 19. Bxh7+ Kh8 20. Bd3 Rae8 21. f5 Qe5 22. Rb1 d5 23. b3 dxc4 24. bxc4 Rf6 25. Nf4 Nxf4 26. Bxf4 Qd4+ 27. Kh1 Bh6 28. Bg3 Re3 29. Rbd1 Rf3 30. Rxf3 gxf3 31. Be4 Qe3 32. Be5 Nd7 33. Bc3 Bg7 34. Rxd7 f2 35. Rd1 Rh6 36. Bxg7+ Kxg7 37. Qd3 Qe1+ 38. Kg2 f1=Q+ 39. Qxf1 Qxe4+ 40. Qf3 Rxh2+ 0-1

[Event "Frankfurt"]
[Site "Frankfurt"]
[Date "1990.??.??"]
[Round "?"]
[White "Werner, Dimo"]
[Black "Epishin, Vladimir"]
[Result "0-1"]
[WhiteElo "2350"]
[BlackElo "2550"]
[PlyCount "50"]
[EventDate "1990.??.??"]
[Source "ChessBase"]

1. d4 Nf6 2. c4 g6 3. g3 Bg7 4. Bg2 O-O 5. Nc3 Nc6 6. e4 d6 7. Nge2 e5 8. d5 Nd4 9. Nxd4 exd4 10. Qxd4 Nxe4 11. Qd3 Nxc3 12. bxc3 Bf5 13. Qd2 Re8+ 14. Kf1 Qd7 15. a4 Re7 16. h4 Rae8 17. Bf3 Bg4 18. Kg2 Bxf3+ 19. Kxf3 Qf5+ 20. Qf4 Qd3+ 21. Kg2 Re4 22. Qf3 Qxc4 23. Rb1 Qxd5 24. h5 b6 25. h6 Bh8 0-1

[Event "Guben op"]
[Site "?"]
[Date "2000.??.??"]
[Round "7"]
[White "Krivoshey Sergei"]
[Black "Vogt Lothar"]
[Result "1-0"]
[WhiteElo "2434"]
[BlackElo "2466"]
[PlyCount "95"]
[EventDate "2000.??.??"]
[Source "www.chesslib.no"]
[SourceDate "2004.05.04"]

1. d4 Nf6 2. c4 c5 3. d5 e5 4. Nc3 d6 5. e4 g6 6. g3 Bg7 7. Bg2 O-O 8. Nf3 a6 9. a4 Bd7 10. O-O Qc8 11. Ne1 Bh3 12. Nd3 Bxg2 13. Kxg2 Nbd7 14. Bd2 b6 15. f4 exf4 16. gxf4 Nh5 17. Qe2 Qc7 18. Rae1 Rae8 19. Qf3 Qd8 20. Re2 Bd4 21. Rfe1 f6 22. Kh1 Ng7 23. Qh3 Rf7 24. f5 g5 25. Qh6 Rfe7 26. Rg2 Ne5 27. Nxe5 Rxe5 28. Rf1 Rxe4 29. Nxe4 Rxe4 30. Bxg5 Qe7 31. Bd2 Re2 32. Qh3 Kh8 33. Bh6 Ne8 34. Qg4 Rxg2 35. Qxg2 Qf7 36. Bd2 Bxb2 37. Qe4 Be5 38. Qe2 b5 39. axb5 axb5 40. cxb5 Qxd5+ 41. Qg2 Qf7 42. Bf4 Bxf4 43. Rxf4 Qb3 44. Qe2 Ng7 45. Rf1 h5 46. Rg1 Qf7 47. Qg2 c4 48. b6 1-0

[Event "NED-ch"]
[Site "Leeuwarden"]
[Date "1980.??.??"]
[Round "6"]
[White "Bohm, Hans"]
[Black "Van der Wiel, John TH"]
[Result "1/2-1/2"]
[WhiteElo "2430"]
[BlackElo "2465"]
[PlyCount "112"]
[EventDate "1980.??.??"]
[Source "ChessBase"]

1. d4 Nf6 2. c4 g6 3. Nc3 Bg7 4. e4 d6 5. g3 O-O 6. Bg2 Nc6 7. Nge2 Re8 8. O-O e5 9. d5 Nd4 10. Be3 Nxe2+ 11. Qxe2 Ng4 12. Bd2 c5 13. dxc6 bxc6 14. Rad1 Qe7 15. b3 Be6 16. Bc1 Red8 17. Rd3 Nh6 18. Rfd1 f6 19. Ba3 Nf7 20. c5 dxc5 21. Na4 Rxd3 22. Rxd3 Bf8 23. Bxc5 Qc7 24. Qd2 Rd8 25. Rxd8 Nxd8 26. h4 Nf7 27. Bxf8 Kxf8 28. Nc5 Ke7 29. Bf1 Qd8 30. Qc1 Qb6 31. Qc3 Nd8 32. Ba6 Bg4 33. Bd3 Ne6 34. b4 Kd6 35. Nxe6 Bxe6 36. Bc4 Qd4 37. Qxd4+ exd4 38. Bxe6 Kxe6 39. f3 Kd6 40. Kf2 c5 41. bxc5+ Kxc5 42. Ke2 Kc4 43. f4 d3+ 44. Kd2 Kd4 45. e5 fxe5 46. fxe5 Kxe5 47. Kxd3 Kf5 48. Ke3 Kg4 49. Kf2 a5 50. a4 Kh3 51. Kf3 h6 52. Kf2 Kh2 53. Kf3 Kg1 54. Kf4 Kg2 55. g4 Kh3 56. g5 hxg5+ 1/2-1/2

[Event "NED-ch"]
[Site "Leeuwarden"]
[Date "1981.??.??"]
[Round "4"]
[White "Bohm, Hans"]
[Black "Ree, Hans"]
[Result "0-1"]
[WhiteElo "2410"]
[BlackElo "2485"]
[PlyCount "58"]
[EventDate "1981.??.??"]
[Source "ChessBase"]

1. d4 Nf6 2. c4 g6 3. Nc3 Bg7 4. e4 O-O 5. g3 d6 6. Bg2 c5 7. d5 a6 8. Nge2 e6 9. dxe6 Bxe6 10. b3 Nc6 11. O-O Qd7 12. Be3 b5 13. Nd5 Rab8 14. cxb5 axb5 15. Rc1 b4 16. Nef4 Ne8 17. Qd2 Nd4 18. Ne2 Nxe2+ 19. Qxe2 Bxd5 20. exd5 Nc7 21. Qd3 Ra8 22. Rc2 Ra7 23. Re1 Rfa8 24. Ree2 Nb5 25. Red2 Nc3 26. h4 Nxa2 27. Kh2 Nc3 28. Bf4 Ra1 29. Bh3 Rh1+ 0-1

[Event "RUS-Cup03 (Geller mem)"]
[Site "Moscow"]
[Date "1999.02.12"]
[Round "3"]
[White "Rychagov, Andrey"]
[Black "Mchedlishvili, Mikheil"]
[Result "1/2-1/2"]
[WhiteElo "2487"]
[BlackElo "2400"]
[PlyCount "117"]
[EventDate "1999.02.10"]
[Source "ChessBase"]
[SourceDate "1999.06.08"]

1. d4 Nf6 2. c4 c5 3. d5 e5 4. Nc3 d6 5. e4 g6 6. g3 Bg7 7. Bg2 O-O 8. Nge2 Nbd7 9. O-O Ne8 10. Kh1 Qe7 11. Be3 f5 12. Qd2 Nef6 13. Rae1 a6 14. a4 Rb8 15. Bg5 fxe4 16. Nxe4 Nxe4 17. Bxe4 Nf6 18. Bg2 Bf5 19. Nc3 Qd7 20. f3 h5 21. b3 Rf7 22. Rf2 Rbf8 23. Be3 Kh7 24. Ref1 Kg8 25. Re1 Kh7 26. Rc1 Kg8 27. Rcf1 Re8 28. a5 Qd8 29. Ne4 Bxe4 30. fxe4 Qd7 31. b4 cxb4 32. Qxb4 Ref8 33. Bb6 h4 34. gxh4 Qg4 35. Qb3 Nxe4 36. Rxf7 Rxf7 37. Rxf7 Kxf7 38. Qf3+ Qxf3 39. Bxf3 Nc5 40. h5 gxh5 41. Bxh5+ Ke7 42. Kg2 Bh6 43. Bg4 Na4 44. Bc7 Bd2 45. Kf2 Bb4 46. h4 b6 47. h5 Bxa5 48. h6 e4 49. Ke3 Bc3 50. Kxe4 Bh8 51. h7 a5 52. Ke3 Nb2 53. Kd2 Nxc4+ 54. Kd3 Nb2+ 55. Kd2 Nc4+ 56. Kc1 a4 57. Be2 Ne3 58. Bxb6 Nxd5 59. Ba5 1/2-1/2

[Event "Groningen Open"]
[Site "Groningen NED"]
[Date "1988.??.??"]
[Round "?"]
[White "Ermenkov, Evgenij P"]
[Black "Ristic, Nenad"]
[Result "1/2-1/2"]
[WhiteElo "2480"]
[BlackElo "2395"]
[PlyCount "82"]
[EventDate "1988.12.??"]
[Source "www.chesslib.no"]
[SourceDate "2004.05.04"]

1. g3 g6 2. Bg2 Bg7 3. c4 Nf6 4. Nc3 O-O 5. d4 c6 6. e4 d6 7. Nge2 e5 8. O-O exd4 9. Nxd4 Nbd7 10. Qc2 Nb6 11. b3 d5 12. Ba3 Re8 13. Rad1 Bg4 14. Rd2 Bh6 15. f4 Nxe4 16. Nxe4 dxe4 17. Nxc6 Qc7 18. Ne5 Bf5 19. Bd6 Qc8 20. Bxe4 Bxe4 21. Qxe4 f6 22. c5 fxe5 23. cxb6 exf4 24. Qd5+ Qe6 25. bxa7 Qxd5 26. Rxd5 Rxa7 27. a4 fxg3 28. Bxg3 b6 29. Re1 Rxe1+ 30. Bxe1 Be3+ 31. Bf2 Bxf2+ 32. Kxf2 Rc7 33. Rb5 Rc6 34. Ke3 Kf7 35. Kd4 Ke6 36. b4 Rd6+ 37. Ke4 Rc6 38. h3 h6 39. h4 Rd6 40. a5 bxa5 41. bxa5 Rc6 1/2-1/2

[Event "BL2-O 9495"]
[Site "GER"]
[Date "1995.??.??"]
[Round "?"]
[White "Forintos, Gyozo V"]
[Black "Roesch, Arnd"]
[Result "1-0"]
[WhiteElo "2485"]
[BlackElo "2385"]
[PlyCount "99"]
[EventDate "1994.10.??"]
[Source "www.chesslib.no"]
[SourceDate "2004.05.04"]

1. c4 Nf6 2. g3 g6 3. Bg2 Bg7 4. Nc3 O-O 5. d4 c5 6. d5 e5 7. e4 d6 8. Nge2 Kh8 9. Bg5 h6 10. Bd2 a6 11. O-O Ng8 12. Be3 Nd7 13. Qd2 Ndf6 14. f3 Nh7 15. Kh1 Bd7 16. a4 Qe7 17. a5 f5 18. Rae1 Nhf6 19. exf5 gxf5 20. Nd1 Rae8 21. b4 cxb4 22. Qxb4 Bc8 23. Nec3 Nd7 24. Na4 Rf6 25. Bc1 Rg6 26. f4 e4 27. Ne3 Nc5 28. Nxc5 dxc5 29. Qd2 Bd4 30. Nc2 Bf6 31. Ba3 Qc7 32. Rd1 Be7 33. Bb2+ Kh7 34. Ne3 Bd6 35. Bh3 Ne7 36. Bc3 Reg8 37. Qe2 Rf8 38. Rb1 Qd7 39. Qh5 Qa4 40. Rfc1 Qa2 41. Rb2 Qa3 42. Qd1 Rfg8 43. Rb3 Qa4 44. Bxf5 Nxf5 45. Rxb7+ Bxb7 46. Qxa4 Bc8 47. Nxf5 Bxf5 48. Rb1 h5 49. Rb7+ Kh6 50. Rf7 1-0

[Event "Moscow-ch"]
[Site "Moscow"]
[Date "2000.??.??"]
[Round "9"]
[White "Riazantsev, Alexander"]
[Black "Igriashvili, Zurab"]
[Result "1/2-1/2"]
[WhiteElo "2442"]
[BlackElo "2425"]
[PlyCount "67"]
[EventDate "2000.05.??"]
[Source "www.chesslib.no"]
[SourceDate "2004.05.04"]

1. d4 Nf6 2. c4 c5 3. d5 e5 4. Nc3 d6 5. e4 g6 6. g3 Bg7 7. Bg2 O-O 8. Nf3 a6 9. a4 b6 10. O-O Ne8 11. Ne1 f5 12. Nd3 Nf6 13. exf5 gxf5 14. f4 e4 15. Nf2 Ra7 16. Be3 h5 17. Qd2 a5 18. h3 Re7 19. Rae1 Rfe8 20. Kh2 Na6 21. Rg1 Nb4 22. Bf1 Kf7 23. Be2 Rh8 24. h4 Ng4+ 25. Bxg4 hxg4 26. Kg2 Ba6 27. b3 Bc8 28. Na2 Na6 29. Qe2 Rh7 30. Nd1 Bd7 31. Bd2 Bd4 32. Ne3 Qh8 33. Rc1 Kg6 34. Rgd1 1/2-1/2

[Event "Groningen op"]
[Site "Groningen"]
[Date "1989.??.??"]
[Round "9"]
[White "Moskalenko, Viktor"]
[Black "Bosboom, Manuel"]
[Result "1-0"]
[WhiteElo "2490"]
[BlackElo "2375"]
[PlyCount "67"]
[EventDate "1989.12.??"]
[Source "www.chesslib.no"]
[SourceDate "2004.05.04"]

1. d4 Nf6 2. c4 d6 3. Nc3 Nbd7 4. e4 e5 5. Nge2 g6 6. g3 Bg7 7. Bg2 O-O 8. O-O c6 9. h3 Qa5 10. Be3 exd4 11. Bxd4 Re8 12. Qc2 Nc5 13. Rad1 Qb4 14. b3 a5 15. Nf4 Be6 16. Rfe1 Re7 17. Qd2 Rae8 18. Re3 Bc8 19. Bxf6 Bxf6 20. Ncd5 cxd5 21. Nxd5 Bg5 22. Nxb4 Bxe3 23. Qxe3 axb4 24. f3 Rd7 25. Qe1 f5 26. Qxb4 fxe4 27. fxe4 Rde7 28. Rd4 Rf8 29. Qd2 b6 30. b4 Ne6 31. Rxd6 Ref7 32. e5 Kg7 33. Qe3 h6 34. Qxb6 1-0

[Event "JUG Ch"]
[Site "Banja Vrucica YUG"]
[Date "1991.??.??"]
[Round "?"]
[White "Drasko, Milan"]
[Black "Sahovic, Dragutin"]
[Result "1-0"]
[WhiteElo "2500"]
[BlackElo "2365"]
[PlyCount "65"]
[EventDate "1991.12.??"]
[Source "www.chesslib.no"]
[SourceDate "2004.05.04"]

1. d4 Nf6 2. c4 g6 3. g3 Bg7 4. Bg2 O-O 5. Nc3 d6 6. e4 e5 7. Nf3 Nc6 8. d5 Ne7 9. O-O Nd7 10. Bd2 h6 11. Ne1 f5 12. Nd3 Nf6 13. Rc1 fxe4 14. Nxe4 Bf5 15. Nxf6+ Rxf6 16. Bc3 g5 17. f4 gxf4 18. gxf4 Bxd3 19. Qxd3 Rxf4 20. Rxf4 exf4 21. Bxg7 Kxg7 22. Qd4+ Kg8 23. Qxf4 Qf8 24. Qe4 Qg7 25. Re1 Ng6 26. Re3 Kh8 27. Rg3 Rg8 28. Qe3 Qf8 29. Qxa7 Qf4 30. Qf2 Qxc4 31. Qf6+ Rg7 32. Rxg6 Qc1+ 33. Bf1 1-0

[Event "Guillermo Garcia mem-B"]
[Site "Santa Clara"]
[Date "1999.05.27"]
[Round "4"]
[White "Oms Pallise, Josep"]
[Black "Garcia Martinez, Silvino"]
[Result "1-0"]
[WhiteElo "2444"]
[BlackElo "2420"]
[PlyCount "45"]
[EventDate "1999.05.??"]
[Source "ChessBase"]
[SourceDate "1999.07.10"]

1. d4 Nf6 2. c4 g6 3. Nc3 Bg7 4. e4 d6 5. g3 O-O 6. Nge2 a6 7. Bg5 Nbd7 8. Qd2 c5 9. d5 b5 10. cxb5 axb5 11. Nxb5 Qb6 12. Nec3 Ba6 13. Be2 Rfb8 14. a4 Qa5 15. O-O Qb4 16. Nc7 Bxe2 17. Qxe2 Ra7 18. Na6 Rxa6 19. Qxa6 Qd4 20. Kh1 Rxb2 21. Qc8+ Nf8 22. a5 Qxc3 23. a6 1-0

[Event "New Delhi"]
[Site "Delhi"]
[Date "1982.??.??"]
[Round "4"]
[White "Ravikumar, Vaidyanathan"]
[Black "Hartston, William R"]
[Result "1/2-1/2"]
[WhiteElo "2395"]
[BlackElo "2460"]
[PlyCount "36"]
[EventDate "1982.??.??"]
[Source "ChessBase"]

1. d4 Nf6 2. c4 c5 3. d5 e5 4. Nc3 d6 5. g3 g6 6. Bg2 Bg7 7. e4 O-O 8. Nge2 Nbd7 9. O-O Ne8 10. Kh1 f5 11. exf5 gxf5 12. f4 e4 13. g4 Nb6 14. b3 Qh4 15. gxf5 Nf6 16. Qe1 Qxe1 17. Rxe1 Bxf5 18. h3 Nh5 1/2-1/2

[Event "Circuito Nacional 2003 1/4 final"]
[Site "Vicente Lopez"]
[Date "2004.??.??"]
[Round "1"]
[White "Slipak, Sergio"]
[Black "Scarella, Enrique"]
[Result "1-0"]
[WhiteElo "2502"]
[BlackElo "2348"]
[PlyCount "69"]
[EventDate "2004.08.03"]
[Source "Roberto Alvarez"]
[SourceDate "2004.08.17"]

1. d4 Nf6 2. c4 g6 3. g3 Bg7 4. Bg2 c6 5. e4 d6 6. Ne2 O-O 7. O-O e5 8. Nbc3 Nbd7 9. b3 Re8 10. f3 Qa5 11. Bb2 exd4 12. Nxd4 Nc5 13. Re1 Ne6 14. Nxe6 Bxe6 15. Qd2 Rad8 16. Rad1 Bc8 17. g4 Nd7 18. f4 Nf8 19. Kh1 h6 20. a3 Qc7 21. Qf2 g5 22. f5 Nd7 23. Qxa7 Nb6 24. Qa5 Bd7 25. Na4 Bxb2 26. Nxb2 Ra8 27. Qc3 Rxa3 28. Qf6 Qd8 29. Qxh6 f6 30. Rxd6 Rf8 31. Qg6+ Kh8 32. h4 Qe7 33. Rd3 Qb4 34. Red1 Rxb3 35. hxg5 1-0

[Event "FRG-ch International"]
[Site "Dortmund"]
[Date "1973.??.??"]
[Round "10"]
[White "Gerusel, Mathias"]
[Black "Keene, Raymond"]
[Result "1/2-1/2"]
[WhiteElo "2415"]
[BlackElo "2435"]
[PlyCount "53"]
[EventDate "1973.??.??"]
[Source "ChessBase"]

1. d4 g6 2. c4 Bg7 3. e4 d6 4. Nc3 Nf6 5. g3 O-O 6. Bg2 c5 7. d5 Na6 8. Nge2 Nc7 9. O-O a6 10. a4 b6 11. f4 Rb8 12. Qd3 b5 13. axb5 axb5 14. cxb5 Bd7 15. h3 Nxb5 16. Be3 Qc7 17. Ra2 Nxc3 18. bxc3 Rb3 19. Qc2 Rfb8 20. Rfa1 Qb6 21. Kf2 h5 22. Kg1 Rb2 23. Rxb2 Qxb2 24. Ra2 Qxc2 25. Rxc2 Rb1+ 26. Kf2 Bb5 27. e5 1/2-1/2

[Event "Odzaci"]
[Site "?"]
[Date "1978.??.??"]
[Round "1.2"]
[White "Raicevic Vladimir"]
[Black "Cobo Arteaga Eldis"]
[Result "1-0"]
[WhiteElo "2450"]
[BlackElo "2395"]
[PlyCount "69"]
[EventDate "1978.??.??"]
[Source "www.chesslib.no"]
[SourceDate "2004.05.04"]

1. c4 Nf6 2. Nc3 g6 3. g3 Bg7 4. Bg2 O-O 5. d4 c6 6. e4 d6 7. Nge2 e5 8. O-O Nbd7 9. h3 Qb6 10. Be3 exd4 11. Bxd4 Qb4 12. b3 Rd8 13. Re1 Nf8 14. Qc2 Ne6 15. Be3 Bd7 16. a3 Qa5 17. b4 Qc7 18. Rac1 Nf8 19. Qd3 Be6 20. Nd4 Qe7 21. f4 N6d7 22. Bf2 Nb6 23. Nd5 cxd5 24. exd5 Kh8 25. Qe4 Rac8 26. dxe6 Rxc4 27. Rxc4 d5 28. Qf3 dxc4 29. Qxb7 Qxb7 30. Bxb7 fxe6 31. Nxe6 Nxe6 32. Rxe6 Bb2 33. Be4 Bxa3 34. b5 c3 35. Rc6 1-0

[Event "Ch (Men) Aalborg DEN"]
[Site "?"]
[Date "2006.04.15"]
[Round "8"]
[White "Rasmussen Karsten"]
[Black "Bekker Jensen Simon"]
[Result "1/2-1/2"]
[WhiteElo "2449"]
[BlackElo "2393"]
[PlyCount "159"]
[EventDate "2006.??.??"]
[Source "www.chesslib.no"]
[SourceDate "2004.05.04"]

1. c4 Nf6 2. Nc3 g6 3. g3 Bg7 4. Bg2 O-O 5. d4 c6 6. e4 d6 7. Nge2 e5 8. O-O Nbd7 9. h3 a6 10. Be3 b5 11. c5 b4 12. dxe5 dxe5 13. Na4 a5 14. Qc2 Ba6 15. Rfd1 Qc7 16. Nc1 Bb5 17. Nb6 Nxb6 18. cxb6 Qb7 19. Qd2 c5 20. Nb3 c4 21. Nc5 Qxb6 22. Nd7 Qc6 23. Nxf8 Bxf8 24. Rac1 Rc8 25. f3 c3 26. Qf2 a4 27. Rc2 Bc4 28. bxc3 b3 29. Rb2 a3 30. axb3 axb2 31. bxc4 Ba3 32. Bf1 Qa4 33. Rb1 Rd8 34. Qe2 Nd7 35. Qd2 Qa5 36. Qd5 Bc5 37. Kf2 Qxc3 38. Qd3 Qb4 39. Bxc5 Qxc5+ 40. Kg2 Qb4 41. c5 Qxc5 42. Rxb2 Rb8 43. Rxb8+ Nxb8 44. Qd8+ Qf8 45. Qc7 Qe8 46. h4 Kg7 47. Bc4 Kf6 48. Qd6+ Kg7 49. Qc7 Kf6 50. g4 h6 51. Qd6+ Kg7 52. g5 hxg5 53. hxg5 Kh7 54. Qc7 Kg7 55. Bxf7 Qd7 56. Qxe5+ Kxf7 57. Qf6+ Kg8 58. Qxg6+ Kf8 59. Qf6+ Kg8 60. Kg3 Nc6 61. Qg6+ Kf8 62. Kh4 Nd4 63. Qf6+ Kg8 64. g6 Ne6 65. f4 Ng7 66. f5 Qc7 67. Kg4 Qd7 68. Qa1 Qe7 69. Qa2+ Kf8 70. Qd5 Ne8 71. e5 Kg7 72. Qd4 Qb7 73. Kf4 Qc7 74. Kg5 Qc1+ 75. Kg4 Qc7 76. Qe4 Qe7 77. Qf4 Qd8 78. Qa4 Kh6 79. Qa1 Qg5+ 80. Kh3 1/2-1/2

[Event "CSR Ch"]
[Site "Brno CZE"]
[Date "1990.??.??"]
[Round "7"]
[White "Priehoda, Vitezslav"]
[Black "Gross, Stefan"]
[Result "0-1"]
[WhiteElo "2415"]
[BlackElo "2420"]
[PlyCount "82"]
[EventDate "1990.??.??"]
[Source "www.chesslib.no"]
[SourceDate "2004.05.04"]

1. d4 Nf6 2. c4 g6 3. g3 Bg7 4. Bg2 O-O 5. Nc3 d6 6. e4 e5 7. d5 Nbd7 8. Nge2 Nh5 9. O-O f5 10. exf5 gxf5 11. f4 exf4 12. gxf4 Nc5 13. Be3 Qe7 14. Qd2 Nf6 15. Rae1 Nce4 16. Qd1 Bd7 17. Bd4 Rae8 18. Ng3 Nxc3 19. Bxc3 Qf7 20. Qd3 Qg6 21. Kh1 Rxe1 22. Bxe1 Re8 23. h3 Ne4 24. Rg1 Nc5 25. Qd1 Kf8 26. b4 Ne4 27. Bxe4 fxe4 28. Nh5 Qf5 29. Rxg7 Qxh3+ 30. Kg1 Re7 31. Rxe7 Kxe7 32. Ng3 Bg4 33. Qd2 Qh6 34. Qh2 Qg7 35. Qh4+ Kf7 36. Kh2 Qb2+ 37. Kg1 Qd4+ 38. Bf2 Qa1+ 39. Kh2 Bf3 40. Qxh7+ Kf8 41. Qh8+ Qxh8+ 0-1

[Event "Pamporovo"]
[Site "Pamporovo"]
[Date "1981.??.??"]
[Round "4"]
[White "Ornstein, Axel"]
[Black "Radev, Nikolai"]
[Result "1-0"]
[WhiteElo "2475"]
[BlackElo "2360"]
[PlyCount "105"]
[EventDate "1981.02.??"]
[Source "ChessBase"]

1. d4 Nf6 2. c4 g6 3. g3 Bg7 4. Bg2 O-O 5. Nc3 c6 6. e4 d6 7. Nge2 e5 8. O-O Nbd7 9. h3 Re8 10. Be3 exd4 11. Nxd4 a5 12. Qc2 Nc5 13. b3 Qe7 14. Rfe1 Nfd7 15. Rad1 Qd8 16. Rd2 Qb6 17. Rb1 Qc7 18. Nde2 b6 19. Rbd1 Bf8 20. Nd4 Bb7 21. a3 Rac8 22. b4 axb4 23. axb4 Na6 24. Qb3 Nxb4 25. Qxb4 c5 26. Qb1 cxd4 27. Rxd4 Bc6 28. Nb5 Bxb5 29. cxb5 Nc5 30. h4 Rcd8 31. Bg5 Be7 32. Be3 Bf6 33. Rc4 d5 34. Bf4 Be5 35. exd5 Bxf4 36. Rxf4 Qe5 37. Bf3 Rd6 38. Kg2 Kg7 39. h5 Rf6 40. Rxf6 Qxf6 41. Rh1 h6 42. hxg6 fxg6 43. Qc1 g5 44. Rd1 Rd8 45. Qe3 Rd7 46. Re1 h5 47. Bxh5 Rxd5 48. Bg4 Rd8 49. Bf5 Rf8 50. g4 Rh8 51. Qg3 Rf8 52. Qh2 Rf7 53. Re8 1-0

[Event "Le Touquet FRA Op"]
[Site "Le Touquet"]
[Date "1994.??.??"]
[Round "?"]
[White "GERVASIO"]
[Black "GOLUBEV"]
[Result "0-1"]
[WhiteElo "2295"]
[BlackElo "2540"]
[PlyCount "54"]
[EventDate "1994.??.??"]
[Source "www.chesslib.no"]
[SourceDate "2004.05.04"]

1. d4 Nf6 2. c4 g6 3. Nc3 Bg7 4. e4 d6 5. g3 O-O 6. Bg2 e5 7. d5 Nbd7 8. Nge2 a5 9. O-O Nc5 10. Bd2 Bd7 11. Qc2 Nh5 12. f3 f5 13. exf5 gxf5 14. Rae1 f4 15. Ne4 Nxe4 16. fxe4 Qg5 17. Rf3 Bg4 18. Rb3 Qg6 19. gxf4 exf4 20. h3 Bxe2 21. Rxe2 f3 22. Rf2 fxg2 23. Rxg2 Qf6 24. Qd1 Qd4+ 25. Kh2 Rf2 26. Re3 Rxg2+ 27. Kxg2 Rf8 0-1

[Event "6th Parsvnath Open"]
[Site "New Delhi IND"]
[Date "2008.01.15"]
[Round "4"]
[White "Swapnil, SD."]
[Black "Iuldachev, S."]
[Result "0-1"]
[WhiteElo "2307"]
[BlackElo "2526"]
[PlyCount "102"]
[EventDate "2008.01.13"]
[Source "www.chesslib.no"]
[SourceDate "2004.05.04"]

1. d4 Nf6 2. c4 d6 3. Nc3 Nbd7 4. e4 e5 5. Nge2 c6 6. g3 g6 7. Bg2 Bg7 8. O-O O-O 9. h3 a6 10. Bg5 b5 11. cxb5 cxb5 12. a4 b4 13. Nd5 a5 14. dxe5 dxe5 15. f4 h6 16. fxe5 hxg5 17. exf6 Bh6 18. e5 Kh7 19. Ne7 Ra6 20. Qd4 g4 21. Rfd1 gxh3 22. Bxh3 Nxe5 23. Qxe5 Qb6+ 24. Kg2 Bb7+ 25. Kf1 Re8 26. Rd7 Qxf6+ 27. Qxf6 Rxf6+ 28. Nf4 Be4 29. Kg1 Bxf4 30. gxf4 Rxf4 31. Rf1 Rxf1+ 32. Bxf1 Kh6 33. Bc4 f6 34. Ng8+ Kg5 35. Re7 Rxe7 36. Nxe7 Kf4 37. Kf2 g5 38. Nd5+ Ke5 39. Ne3 f5 40. Be2 Kd4 41. Bf3 f4 42. Ng4 Bc2 43. Bc6 Bd1 44. Bd7 Kc4 45. Be6+ Kc5 46. b3 Kd6 47. Bc8 Bxb3 48. Nf6 Bc2 49. Bb7 Ke5 50. Nd7+ Kd4 51. Bc6 b3 0-1

[Event "Corr"]
[Site "?"]
[Date "2001.??.??"]
[Round "?"]
[White "Marcos Nozar Jose Ricardo"]
[Black "Olsen Svein"]
[Result "0-1"]
[WhiteElo "2419"]
[BlackElo "2403"]
[PlyCount "58"]
[EventDate "2001.??.??"]
[Source "www.chesslib.no"]
[SourceDate "2004.05.04"]

1. d4 Nf6 2. c4 g6 3. Nc3 Bg7 4. e4 d6 5. g3 c5 6. d5 O-O 7. Bg2 Nbd7 8. Nf3 b5 9. cxb5 a6 10. bxa6 Bxa6 11. Bf1 Qa5 12. Bd2 e6 13. dxe6 fxe6 14. Bxa6 Qxa6 15. Qe2 d5 16. exd5 Qxe2+ 17. Kxe2 exd5 18. Rhb1 Rae8+ 19. Kf1 Ne4 20. Nxe4 dxe4 21. Ne1 Bd4 22. f4 exf3 23. Bc3 Re2 24. Nd3 Rxh2 25. Bxd4 cxd4 26. Nf2 Nf6 27. a4 Nh5 28. Ke1 Re8+ 29. Kd2 Re3 0-1

[Event "Basarrate"]
[Site "Basarrate"]
[Date "1992.??.??"]
[Round "?"]
[White "Borges Mateos, Juan"]
[Black "Aldama, Degurnay"]
[Result "0-1"]
[WhiteElo "2430"]
[BlackElo "2380"]
[PlyCount "70"]
[EventDate "1992.??.??"]
[Source "www.chesslib.no"]
[SourceDate "2004.05.04"]

1. d4 Nf6 2. c4 g6 3. Nc3 Bg7 4. g3 O-O 5. Bg2 d6 6. e4 c5 7. d5 e6 8. dxe6 Bxe6 9. e5 Ng4 10. Bxb7 Nd7 11. Nge2 Ndxe5 12. O-O Bxc4 13. h3 Rb8 14. Bg2 Nh6 15. Qa4 Nf5 16. Rd1 Re8 17. Qxa7 Nd3 18. Qa3 Rxe2 19. Nxe2 Nxc1 20. Raxc1 Bxe2 21. Rd2 Nd4 22. Re1 Bc4 23. b3 Be6 24. Qa6 h5 25. Kh1 h4 26. g4 Be5 27. Qa7 Nb5 28. Qxc5 Bc3 29. Qe3 Bxd2 30. Qxd2 Qf6 31. Rc1 Qd4 32. Qg5 Qxf2 33. a4 Nd4 34. a5 Ne2 35. Rd1 Rxb3 0-1